000
00307nam a2200133Ia 4500
005
20251222140040.0
008
251222s1900||||xx |||||||||||||| ||spa||
020
_a
8811504309
082
_a
REF.100 R34
245
0
_a
Enciclopedia Garzanti di FilosofĂa
250
_a
2a.
264
_b
Garzanti
942
_c
LIB
999
_c
3249
_d
3249